[Event "16PCR_F"]
[Site "?"]
[Date "2006.??.??"]
[Round "?"]
[White "Stika, Vaclav"]
[Black "Struzka, Vlastimil"]
[Result "0-1"]
[WhiteElo "2142"]
[BlackElo "2094"]
[PlyCount "22"]
[EventDate "2006.??.??"]
[EventType "corr"]
[SourceDate "2007.01.09"]

1. e4 e5 2. Nf3 Nc6 3. d4 exd4 4. Nxd4 Bc5 5. Be3 Qf6 6. c3 Nge7 7. Bc4 Ne5 8.
Be2 d6 9. O-O Qg6 10. f4 Qxe4 11. Nd2 Qxe3+ 0-1

[Event "16PCR_F"]
[Site "?"]
[Date "2006.??.??"]
[Round "?"]
[White "Struzka, Vlastimil"]
[Black "Glaser, Karel"]
[Result "1-0"]
[WhiteElo "2094"]
[BlackElo "2159"]
[PlyCount "44"]
[EventDate "2006.??.??"]
[EventType "corr"]
[SourceDate "2007.01.09"]

1. d4 Nf6 2. Nf3 e6 3. Bg5 d5 4. e3 Nbd7 5. Bd3 h6 6. Bf4 c5 7. c3 g5 8. Bg3 c4
9. Bc2 Nh5 10. e4 Qb6 11. b3 dxe4 12. Bxe4 Nxg3 13. hxg3 cxb3 14. axb3 g4 15.
Nfd2 h5 16. Na3 Bxa3 17. Rxa3 f5 18. Bd3 Qc6 19. O-O Qxc3 20. Re1 Nf6 21. Nc4
Qxd4 22. Bxf5 Kf7 1-0

[Event "16PCR_F"]
[Site "?"]
[Date "2006.??.??"]
[Round "?"]
[White "Struzka, Vlastimil"]
[Black "Kasik, Miroslav"]
[Result "1/2-1/2"]
[WhiteElo "2094"]
[BlackElo "2025"]
[PlyCount "50"]
[EventDate "2006.??.??"]
[EventType "corr"]
[SourceDate "2007.01.09"]

1. d4 Nf6 2. Nf3 d5 3. Bf4 e6 4. e3 c5 5. Nc3 c4 6. a3 Be7 7. Bg5 O-O 8. Be2
Nbd7 9. O-O a6 10. Ne5 Nxe5 11. dxe5 Nd7 12. Bxe7 Qxe7 13. Qd4 Nb8 14. f4 Nc6
15. Qb6 Qd8 16. Na4 Bd7 17. Qxd8 Raxd8 18. Nb6 Ne7 19. Rad1 Bc6 20. e4 c3 21.
exd5 Nxd5 22. Nxd5 Rxd5 23. Rxd5 Bxd5 24. bxc3 Rc8 25. Rb1 f6 1/2-1/2

[Event "16PCR_F"]
[Site "?"]
[Date "2006.??.??"]
[Round "?"]
[White "Kasik, Miroslav"]
[Black "Stika, Vaclav"]
[Result "1/2-1/2"]
[WhiteElo "2025"]
[BlackElo "2142"]
[PlyCount "49"]
[EventDate "2006.??.??"]
[EventType "corr"]
[SourceDate "2007.01.09"]

1. e4 e5 2. Nf3 Nc6 3. Bb5 a6 4. Ba4 Nf6 5. d4 Nxd4 6. Nxd4 exd4 7. e5 Ne4 8.
Qxd4 Nc5 9. Be3 Nxa4 10. Qxa4 Qe7 11. Nc3 Qb4 12. Qxb4 Bxb4 13. Bd4 b6 14. a3
Bxc3+ 15. Bxc3 Bb7 16. f3 O-O-O 17. Rd1 g6 18. Kf2 Rhe8 19. Rhe1 d6 20. exd6
Rxe1 21. Kxe1 Rxd6 22. Rxd6 cxd6 23. Kd2 Kd7 24. h4 b5 25. b3 1/2-1/2

[Event "16PCR_F"]
[Site "?"]
[Date "2006.??.??"]
[Round "?"]
[White "Brichacek, Milan"]
[Black "Kasik, Miroslav"]
[Result "1-0"]
[WhiteElo "2194"]
[BlackElo "2025"]
[PlyCount "55"]
[EventDate "2006.??.??"]
[EventType "corr"]
[SourceDate "2007.01.09"]

1. e4 c5 2. Nf3 e6 3. d4 cxd4 4. Nxd4 Nf6 5. Nc3 Bb4 6. e5 Nd5 7. Bd2 Nxc3 8.
bxc3 Ba5 9. Qg4 O-O 10. Bd3 d5 11. O-O f5 12. exf6 Qxf6 13. Rae1 h6 14. Nxe6
Nc6 15. f4 Rf7 16. f5 Bd7 17. Qh3 Bb6+ 18. Kh1 Ne5 19. g4 Nxd3 20. cxd3 g5 21.
d4 Rc8 22. Re5 Bc5 23. Nxc5 Rxc5 24. Rfe1 Rc6 25. Qh5 Rb6 26. h4 Rh7 27. Kg1
gxh4 28. Re8+ 1-0

[Event "16PCR_F"]
[Site "?"]
[Date "2006.??.??"]
[Round "?"]
[White "Portych, Vaclav"]
[Black "Tyrlik, Jaroslav"]
[Result "1/2-1/2"]
[WhiteElo "2112"]
[BlackElo "2076"]
[PlyCount "45"]
[EventDate "2006.??.??"]
[EventType "corr"]
[SourceDate "2007.01.09"]

1. c4 e5 2. Nc3 Nc6 3. Nf3 Nf6 4. g3 d5 5. cxd5 Nxd5 6. Bg2 Be6 7. O-O f5 8. e4
fxe4 9. Nxe4 Be7 10. d4 exd4 11. Neg5 Bg4 12. Qb3 O-O 13. Nxd4 Nxd4 14. Qxd5+
Qxd5 15. Bxd5+ Kh8 16. Nf7+ Rxf7 17. Bxf7 Be2 18. Be3 Bxf1 19. Bxd4 Bb5 20. Re1
Bb4 21. Rc1 Bc6 22. Be5 Rd8 23. Bh5 1/2-1/2

[Event "16PCR_F"]
[Site "?"]
[Date "2006.??.??"]
[Round "?"]
[White "Kasik, Miroslav"]
[Black "Glaser, Karel"]
[Result "1/2-1/2"]
[WhiteElo "2025"]
[BlackElo "2159"]
[PlyCount "111"]
[EventDate "2006.??.??"]
[EventType "corr"]
[SourceDate "2007.01.09"]

1. d4 Nf6 2. c4 e6 3. Nf3 d5 4. Nc3 c6 5. cxd5 exd5 6. Bg5 h6 7. Bh4 Be7 8. e3
Bf5 9. Bxf6 Bxf6 10. Bd3 Bxd3 11. Qxd3 Nd7 12. b4 Nb6 13. b5 Qd7 14. bxc6 Qxc6
15. O-O O-O 16. Rab1 Rfe8 17. h3 a6 18. Rfc1 Rac8 19. Qf5 Red8 20. Nd2 Be7 21.
Rc2 Rc7 22. Rbb2 Nc4 23. Nxc4 dxc4 24. a4 b6 25. Rb1 Rb7 26. Qe4 Qxe4 27. Nxe4
Re8 28. Nc3 Bd6 29. f3 Bf8 30. e4 Reb8 31. Kf2 b5 32. Nd5 f6 33. Ke3 h5 34. g4
hxg4 35. hxg4 Rc8 36. a5 Kf7 37. Nb6 Rcb8 38. Kd2 Bd6 39. Nd5 Rc8 40. Rcc1 b4
41. Ke3 Rc6 42. Nb6 c3 43. Rb3 g5 44. Kd3 Kg6 45. Rc2 Rcc7 46. Rb1 Rb8 47. Ra2
Rh7 48. Kc4 Rbh8 49. Nd5 Rb7 50. Kb3 Kf7 51. Rc2 Rbb8 52. Ne3 Rh3 53. Nc4 Bf8
54. Rf1 Rd8 55. d5 Bc5 56. Ra2 1/2-1/2

[Event "16PCR_F"]
[Site "?"]
[Date "2006.??.??"]
[Round "?"]
[White "Glaser, Karel"]
[Black "Mateka, Petr"]
[Result "1/2-1/2"]
[WhiteElo "2159"]
[BlackElo "2229"]
[PlyCount "79"]
[EventDate "2006.??.??"]
[EventType "corr"]
[SourceDate "2007.01.09"]

1. e4 e5 2. Nf3 Nc6 3. Bb5 a6 4. Ba4 Nf6 5. O-O Be7 6. Re1 b5 7. Bb3 O-O 8. c3
d6 9. h3 Na5 10. Bc2 c5 11. d4 Qc7 12. Nbd2 Bd7 13. Nf1 Nc4 14. Ne3 Nxe3 15.
Bxe3 b4 16. dxe5 dxe5 17. cxb4 cxb4 18. Rc1 Qa5 19. Bd3 Rac8 20. Qe2 Rxc1 21.
Rxc1 Re8 22. Bd2 Bf8 23. Bg5 Qxa2 24. Bxf6 gxf6 25. Bxa6 Be6 26. Bc4 Qa8 27.
Bxe6 fxe6 28. Nd2 Rc8 29. Nc4 Kh8 30. b3 Be7 31. Qg4 Qc6 32. Rc2 Bc5 33. Qh4
Rf8 34. Ne3 Qd6 35. Nf1 Bd4 36. Qh6 Kg8 37. Rc4 Bc3 38. Qh5 Kg7 39. Ne3 Qd7 40.
Qg4+ 1/2-1/2

[Event "16PCR_F"]
[Site "?"]
[Date "2006.??.??"]
[Round "?"]
[White "Glaser, Karel"]
[Black "Portych, Vaclav"]
[Result "1/2-1/2"]
[WhiteElo "2159"]
[BlackElo "2112"]
[PlyCount "40"]
[EventDate "2006.??.??"]
[EventType "corr"]
[SourceDate "2007.01.09"]

1. e4 c5 2. Nf3 Nc6 3. d4 cxd4 4. Nxd4 Nf6 5. Nc3 e5 6. Ndb5 d6 7. Bg5 a6 8.
Na3 b5 9. Bxf6 gxf6 10. Nd5 f5 11. Bd3 Be6 12. O-O Bg7 13. Qh5 f4 14. c4 bxc4
15. Bxc4 O-O 16. Rac1 Rb8 17. b3 Qd7 18. Rfd1 Kh8 19. Qh4 Bxd5 20. Bxd5 Nb4
1/2-1/2

[Event "16PCR_F"]
[Site "?"]
[Date "2006.??.??"]
[Round "?"]
[White "Portych, Vaclav"]
[Black "Struzka, Vlastimil"]
[Result "1/2-1/2"]
[WhiteElo "2112"]
[BlackElo "2094"]
[PlyCount "57"]
[EventDate "2006.??.??"]
[EventType "corr"]
[SourceDate "2007.01.09"]

1. c4 e5 2. Nc3 Nc6 3. g3 Nf6 4. Nf3 Bc5 5. Bg2 O-O 6. d3 d6 7. O-O Re8 8. Bg5
h6 9. Bxf6 Qxf6 10. Nd5 Qd8 11. e3 Bf5 12. d4 Bb6 13. b4 exd4 14. Nxd4 Nxd4 15.
Nxb6 axb6 16. Qxd4 Qc8 17. a4 Bh3 18. Rfc1 Bxg2 19. Kxg2 Re5 20. h3 Qe8 21. Qg4
Ra7 22. Qf3 f6 23. Ra3 Qd7 24. Rca1 Qe6 25. Qe2 Re4 26. Rc1 Ra8 27. Rcc3 c6 28.
b5 Re5 29. Rcb3 1/2-1/2

[Event "16PCR_F"]
[Site "?"]
[Date "2006.??.??"]
[Round "?"]
[White "Mateka, Petr"]
[Black "Struzka, Vlastimil"]
[Result "1-0"]
[WhiteElo "2229"]
[BlackElo "2094"]
[PlyCount "71"]
[EventDate "2006.??.??"]
[EventType "corr"]
[SourceDate "2007.01.09"]

1. e4 e5 2. Nf3 Nc6 3. Bb5 a6 4. Ba4 Nf6 5. O-O Be7 6. Re1 b5 7. Bb3 d6 8. c3
O-O 9. h3 Na5 10. Bc2 c5 11. d4 Qc7 12. Nbd2 cxd4 13. cxd4 Bb7 14. d5 Rac8 15.
Bd3 Nd7 16. Nf1 f5 17. b3 Nf6 18. Bd2 fxe4 19. Bxe4 Nxe4 20. Rxe4 Bd8 21. Ne3
Qd7 22. Rg4 Ba8 23. a4 Nb7 24. b4 Bf6 25. axb5 axb5 26. Ra7 Qd8 27. Nf5 Qd7 28.
Ng3 Kh8 29. Ne4 h6 30. Qe2 Rf7 31. Nh4 Bxh4 32. Rxh4 Qf5 33. Ra3 Qh7 34. Rg3
Rg8 35. Ng5 Qb1+ 36. Kh2 1-0

[Event "16PCR_F"]
[Site "?"]
[Date "2006.??.??"]
[Round "?"]
[White "Cvak, Rudolf"]
[Black "Sindelar, Frantisek"]
[Result "1-0"]
[WhiteElo "2204"]
[BlackElo "2094"]
[PlyCount "41"]
[EventDate "2006.??.??"]
[EventType "corr"]
[SourceDate "2007.01.09"]

1. e4 e6 2. d4 d5 3. Nc3 Nf6 4. e5 Nfd7 5. f4 c5 6. Nf3 Nc6 7. Be3 cxd4 8. Nxd4
Bb4 9. Be2 Qa5 10. O-O Bxc3 11. bxc3 Qxc3 12. Rf3 Nxd4 13. Bxd4 Qc7 14. Rc3 Qd8
15. Rg3 O-O 16. c4 dxc4 17. Bxc4 Nb6 18. Bb3 g6 19. Qd2 Bd7 20. f5 exf5 21. Qh6
1-0

[Event "16PCR_F"]
[Site "?"]
[Date "2006.??.??"]
[Round "?"]
[White "Cvak, Rudolf"]
[Black "Portych, Vaclav"]
[Result "1-0"]
[WhiteElo "2204"]
[BlackElo "2112"]
[PlyCount "55"]
[EventDate "2006.??.??"]
[EventType "corr"]
[SourceDate "2007.01.09"]

1. e4 c5 2. Nf3 Nc6 3. d4 cxd4 4. Nxd4 Nf6 5. Nc3 e5 6. Ndb5 d6 7. Bg5 a6 8.
Na3 b5 9. Bxf6 gxf6 10. Nd5 f5 11. Bxb5 axb5 12. Nxb5 Ra4 13. b4 Rxb4 14. Nbc7+
Kd7 15. O-O Rb7 16. Qh5 Ne7 17. Qxf7 Rxc7 18. Nb6+ Kc6 19. Rab1 Ba6 20. Qb3 Ra7
21. Qc3+ Kb7 22. Rfd1 Bg7 23. Rxd6 Qxd6 24. Nc8+ Ka8 25. Nxd6 f4 26. h4 Bf6 27.
a4 Rd8 28. Rb6 1-0

[Event "16PCR_F"]
[Site "?"]
[Date "2006.??.??"]
[Round "?"]
[White "Brichacek, Milan"]
[Black "Glaser, Karel"]
[Result "1/2-1/2"]
[WhiteElo "2194"]
[BlackElo "2159"]
[PlyCount "119"]
[EventDate "2006.??.??"]
[EventType "corr"]
[SourceDate "2007.01.09"]

1. e4 Nf6 2. e5 Nd5 3. d4 d6 4. Nf3 g6 5. Bc4 c6 6. O-O Bg7 7. exd6 Qxd6 8. Re1
Bg4 9. h3 Be6 10. Bb3 Na6 11. Ng5 Nac7 12. Nd2 O-O 13. Nde4 Qd8 14. Nc5 Bc8 15.
c4 Nf6 16. Be3 Nfe8 17. Qe2 Nd6 18. Rad1 Nf5 19. Nf3 b6 20. Nd3 Bb7 21. Bc2 e6
22. Bf4 Nxd4 23. Nxd4 Bxd4 24. Qf3 Qe7 25. Ne5 Bxe5 26. Bxe5 Ne8 27. Qe3 c5 28.
Bf4 Rc8 29. a3 Bc6 30. Rd2 a5 31. Rdd1 a4 32. Bg5 f6 33. Bh6 Ng7 34. Bxg7 Kxg7
35. Qxe6 Qc7 36. Be4 Rfe8 37. Qxc6 Qxc6 38. Bxc6 Rxe1+ 39. Rxe1 Rxc6 40. Re7+
Kg8 41. Ra7 Rd6 42. Rxa4 Rd1+ 43. Kh2 Rd2 44. b4 cxb4 45. Rxb4 Rxf2 46. Rxb6 f5
47. c5 Rc2 48. c6 Kf7 49. Kg3 Rc3+ 50. Kf4 Ke6 51. a4 Rc2 52. a5 Rxg2 53. Rb3
Rc2 54. a6 Rxc6 55. a7 Rc4+ 56. Kg5 Ra4 57. Rb7 Ra3 58. Rxh7 Rg3+ 59. Kf4 Ra3
60. Rb7 1/2-1/2

[Event "16PCR_F"]
[Site "?"]
[Date "2006.??.??"]
[Round "?"]
[White "Sindelar, Frantisek"]
[Black "Kudr, Roman"]
[Result "1/2-1/2"]
[WhiteElo "2094"]
[BlackElo "2177"]
[PlyCount "41"]
[EventDate "2006.??.??"]
[EventType "corr"]
[SourceDate "2007.01.09"]

1. d4 Nf6 2. c4 e6 3. Nc3 Bb4 4. Nf3 b6 5. Qb3 c5 6. Bg5 h6 7. Bxf6 Qxf6 8. e3
O-O 9. Be2 Nc6 10. O-O Bxc3 11. Qxc3 d6 12. Rfd1 Rd8 13. dxc5 Qxc3 14. bxc3
dxc5 15. Rxd8+ Nxd8 16. Rd1 Ba6 17. Ne5 f6 18. Ng6 Kf7 19. Bh5 Ke8 20. Rd6 Bc8
21. a3 1/2-1/2

[Event "16PCR_F"]
[Site "?"]
[Date "2006.??.??"]
[Round "?"]
[White "Tyrlik, Jaroslav"]
[Black "Struzka, Vlastimil"]
[Result "1/2-1/2"]
[WhiteElo "2076"]
[BlackElo "2094"]
[PlyCount "99"]
[EventDate "2006.??.??"]
[EventType "corr"]
[SourceDate "2007.01.09"]

1. d4 d5 2. Nf3 Nf6 3. e3 e6 4. c4 Bd6 5. Nbd2 O-O 6. Bd3 c5 7. cxd5 exd5 8.
dxc5 Bxc5 9. O-O Nc6 10. a3 Bg4 11. b4 Bd6 12. Bb2 Qe7 13. h3 Bh5 14. Qc2 Rac8
15. Qb3 Ne5 16. Bf5 Rcd8 17. Nd4 Bg6 18. Bxg6 hxg6 19. Rfd1 Rc8 20. Nb5 Bb8 21.
Bd4 a6 22. Nc3 Qe6 23. Rac1 Rfe8 24. a4 g5 25. Nf1 g4 26. hxg4 Nexg4 27. Bxf6
Qxf6 28. f3 Nh2 29. Nxd5 Qh4 30. Rxc8 Rxc8 31. f4 Nxf1 32. Rxf1 Rc6 33. Qb1 Rh6
34. Qf5 Bd6 35. Qh3 Qd8 36. Qg4 Bf8 37. Qg5 Qxg5 38. fxg5 Re6 39. g4 Re5 40.
Rf5 Re4 41. Rf4 Re5 42. Rd4 Rxg5 43. Kf2 a5 44. bxa5 Bc5 45. Rd3 Rxg4 46. Rc3
Bd6 47. a6 bxa6 48. Rc6 Rg6 49. Kf3 Ba3 50. Rc3 1/2-1/2

[Event "16PCR_F"]
[Site "?"]
[Date "2006.??.??"]
[Round "?"]
[White "Nudcenko, Karel"]
[Black "Kasik, Miroslav"]
[Result "1/2-1/2"]
[WhiteElo "2245"]
[BlackElo "2025"]
[PlyCount "63"]
[EventDate "2006.??.??"]
[EventType "corr"]
[SourceDate "2007.01.09"]

1. e4 c5 2. Nf3 Nc6 3. d4 cxd4 4. Nxd4 Nf6 5. Nc3 d6 6. Bg5 Bd7 7. Qd2 h6 8.
Bxf6 gxf6 9. O-O-O Nxd4 10. Qxd4 Qa5 11. f4 Rc8 12. Kb1 Qc5 13. Qd2 Bg7 14. f5
h5 15. Bd3 Bh6 16. Qe2 Bf4 17. Nd5 Be5 18. c3 e6 19. Ne3 Kd8 20. Nc4 Kc7 21.
Nxe5 dxe5 22. Rhe1 h4 23. fxe6 Bxe6 24. Qf3 Qb6 25. Rf1 Rh6 26. Rd2 Rg6 27. Qf2
Rcg8 28. Qxb6+ Kxb6 29. Rff2 a5 30. Bc2 Kc5 31. a3 b5 32. b4+ 1/2-1/2

[Event "16PCR_F"]
[Site "?"]
[Date "2006.??.??"]
[Round "?"]
[White "Cvak, Rudolf"]
[Black "Kasik, Miroslav"]
[Result "1-0"]
[WhiteElo "2204"]
[BlackElo "2025"]
[PlyCount "51"]
[EventDate "2006.??.??"]
[EventType "corr"]
[SourceDate "2007.01.09"]

1. e4 c5 2. Nf3 e6 3. d4 cxd4 4. Nxd4 Nf6 5. Nc3 Bb4 6. e5 Nd5 7. Qg4 Kf8 8.
Bd2 d6 9. exd6 Bxc3 10. bxc3 Qxd6 11. Bd3 Qe5+ 12. Ne2 Nf6 13. Qh4 Qh5 14. Qg3
Nbd7 15. Rb1 Qe5 16. Bf4 Qh5 17. O-O e5 18. Bc1 Kg8 19. Re1 Qg4 20. f4 exf4 21.
Qxg4 Nxg4 22. Nxf4 Nge5 23. Bf5 h6 24. Nd5 g6 25. Bxd7 Nxd7 26. c4 1-0

[Event "16PCR_F"]
[Site "?"]
[Date "2006.??.??"]
[Round "?"]
[White "Tyrlik, Jaroslav"]
[Black "Brichacek, Milan"]
[Result "1/2-1/2"]
[WhiteElo "2076"]
[BlackElo "2194"]
[PlyCount "125"]
[EventDate "2006.??.??"]
[EventType "corr"]
[SourceDate "2007.01.09"]

1. d4 Nf6 2. Nf3 d5 3. Bf4 c5 4. dxc5 e6 5. e3 Bxc5 6. Nc3 O-O 7. Bd3 Nc6 8.
O-O Bd6 9. Bg5 h6 10. Bh4 g5 11. Bg3 Bxg3 12. hxg3 e5 13. Nd2 Be6 14. a3 Rc8
15. Rc1 Ne7 16. Nb3 Ng4 17. Be2 f5 18. Bxg4 fxg4 19. Qd2 Qe8 20. Rcd1 b6 21.
Nc1 Qh5 22. Nd3 Nc6 23. Nb4 Nxb4 24. axb4 Rfd8 25. Rfe1 Qf7 26. b5 h5 27. Na2
h4 28. Nb4 e4 29. Nc6 Rf8 30. Nd4 Bd7 31. Ra1 Rc7 32. Rf1 Qe7 33. Ra3 Rf7 34.
Rfa1 hxg3 35. fxg3 Qe5 36. Qe1 Be8 37. Rc3 Rxc3 38. bxc3 Kh7 39. Kh2 Kg6 40.
Kg1 Qc7 41. Rd1 Qc5 42. Rb1 Bd7 43. Rb4 Qf8 44. Rb1 Qc8 45. Ra1 Qc7 46. Ra3 Bc8
47. Ra1 Rf8 48. c4 dxc4 49. Nc6 a5 50. Rd1 Be6 51. Rd4 a4 52. Rxe4 Qd6 53. Ne5+
Kh7 54. Nxc4 Qd5 55. Nd2 a3 56. Ra4 Qc5 57. c4 Rd8 58. Kh2 Rd3 59. Qb1 Qxe3 60.
Rxa3 Qxg3+ 61. Kh1 Bf5 62. Nf1 Qd6 63. Ra7+ 1/2-1/2

[Event "16PCR_F"]
[Site "?"]
[Date "2006.??.??"]
[Round "?"]
[White "Stika, Vaclav"]
[Black "Tyrlik, Jaroslav"]
[Result "1/2-1/2"]
[WhiteElo "2142"]
[BlackElo "2076"]
[PlyCount "67"]
[EventDate "2006.??.??"]
[EventType "corr"]
[SourceDate "2007.01.09"]

1. e4 e5 2. Nf3 Nc6 3. Bb5 a6 4. Ba4 Nf6 5. O-O Nxe4 6. d4 b5 7. Bb3 d5 8. dxe5
Be6 9. Be3 Be7 10. c3 Qd7 11. Nbd2 f5 12. Nxe4 fxe4 13. Nd4 Nxd4 14. cxd4 O-O
15. Rc1 a5 16. f3 exf3 17. Rxf3 Rxf3 18. Qxf3 Rf8 19. Qh5 Bf5 20. Bc2 Bxc2 21.
Rxc2 c6 22. Rf2 a4 23. Rxf8+ Bxf8 24. h3 Qe6 25. a3 Bd6 26. g4 Bf8 27. Kg2 g6
28. Qh4 Qd7 29. Qf6 Be7 30. Qf3 Qe6 31. g5 c5 32. Qf4 cxd4 33. Bxd4 Qf7 34. Qg4
1/2-1/2

[Event "16PCR_F"]
[Site "?"]
[Date "2006.??.??"]
[Round "?"]
[White "Nudcenko, Karel"]
[Black "Stika, Vaclav"]
[Result "1/2-1/2"]
[WhiteElo "2245"]
[BlackElo "2142"]
[PlyCount "56"]
[EventDate "2006.??.??"]
[EventType "corr"]
[SourceDate "2007.01.09"]

1. e4 e5 2. Nf3 Nc6 3. Bb5 a6 4. Ba4 Nf6 5. O-O Be7 6. Re1 b5 7. Bb3 O-O 8. c3
d6 9. h3 Na5 10. Bc2 c5 11. d4 Qc7 12. Nbd2 cxd4 13. cxd4 Be6 14. Nf1 Rac8 15.
Bd3 exd4 16. Nxd4 Nd7 17. Ng3 Nc5 18. Be3 Nxd3 19. Qxd3 Nc4 20. b3 Nxe3 21.
Qxe3 Bf6 22. Rad1 g6 23. Nge2 Be5 24. Nf4 Rfe8 25. Nfxe6 fxe6 26. f4 Bg7 27. e5
dxe5 28. fxe5 Qb6 1/2-1/2

[Event "16PCR_F"]
[Site "?"]
[Date "2006.??.??"]
[Round "?"]
[White "Houdek, Vladimir"]
[Black "Kasik, Miroslav"]
[Result "1/2-1/2"]
[WhiteElo "2147"]
[BlackElo "2025"]
[PlyCount "52"]
[EventDate "2006.??.??"]
[EventType "corr"]
[SourceDate "2007.01.09"]

1. e4 e5 2. Nf3 Nf6 3. Ng1 Ng8 4. Nc3 Nf6 5. g3 Bc5 6. Bg2 a5 7. Nge2 O-O 8.
O-O a4 9. a3 d6 10. h3 Nbd7 11. d3 c6 12. Bg5 Re8 13. Qd2 Qb6 14. Rab1 h6 15.
Be3 Bxe3 16. fxe3 Qc7 17. Rbd1 Nb6 18. Rf2 Rd8 19. Rdf1 Be6 20. Nc1 Re8 21. Kh2
h5 22. Qe1 Qd8 23. Qe2 h4 24. gxh4 Nh7 25. Qh5 Nd7 26. N1e2 Qb6 1/2-1/2

[Event "16PCR_F"]
[Site "?"]
[Date "2006.??.??"]
[Round "?"]
[White "Mateka, Petr"]
[Black "Brichacek, Milan"]
[Result "1/2-1/2"]
[WhiteElo "2229"]
[BlackElo "2194"]
[PlyCount "75"]
[EventDate "2006.??.??"]
[EventType "corr"]
[SourceDate "2007.01.09"]

1. e4 d5 2. exd5 Qxd5 3. Nc3 Qa5 4. d4 Nf6 5. Nf3 Ne4 6. Bd3 Nxc3 7. bxc3 g6 8.
O-O Bg7 9. Qe2 Qxc3 10. Rb1 O-O 11. Rb3 Qc6 12. Bb5 Qe6 13. Re3 Qb6 14. Rxe7
Be6 15. Ng5 Bd5 16. c3 Nc6 17. Rd7 Rae8 18. Be3 Ne7 19. c4 c6 20. cxd5 cxb5 21.
Qd3 Nf5 22. Ne4 Qa6 23. Qb1 Nxd4 24. Nc5 Qf6 25. Qd3 b6 26. Bxd4 Qxd4 27. Qxd4
Bxd4 28. Nb3 Bf6 29. Rxa7 Rd8 30. Rd1 Rd6 31. g3 Rfd8 32. Rb7 Ra8 33. Rd2 b4
34. Kg2 Bc3 35. Re2 Rxd5 36. Rxb6 Rd7 37. Nc5 Rda7 38. Nd3 1/2-1/2

[Event "16PCR_F"]
[Site "?"]
[Date "2006.??.??"]
[Round "?"]
[White "Houdek, Vladimir"]
[Black "Glaser, Karel"]
[Result "1/2-1/2"]
[WhiteElo "2147"]
[BlackElo "2159"]
[PlyCount "53"]
[EventDate "2006.??.??"]
[EventType "corr"]
[SourceDate "2007.01.09"]

1. e4 Nf6 2. e5 Nd5 3. d4 d6 4. Nf3 g6 5. Bc4 c6 6. O-O Bg7 7. exd6 Qxd6 8. Re1
Bg4 9. Nbd2 O-O 10. c3 Nd7 11. Ne4 Qc7 12. h3 Bxf3 13. Qxf3 e5 14. Be3 a5 15.
a3 Rae8 16. Rad1 exd4 17. Bxd4 Bxd4 18. cxd4 N7b6 19. Ba2 Kg7 20. Nc5 Re7 21.
Re2 Nf6 22. Rde1 Rxe2 23. Rxe2 Nbd5 24. Nd3 Qb6 25. Bxd5 Nxd5 26. Nc5 Qc7 27.
g3 1/2-1/2

[Event "16PCR_F"]
[Site "?"]
[Date "2006.??.??"]
[Round "?"]
[White "Brichacek, Milan"]
[Black "Stika, Vaclav"]
[Result "1/2-1/2"]
[WhiteElo "2194"]
[BlackElo "2142"]
[PlyCount "101"]
[EventDate "2006.??.??"]
[EventType "corr"]
[SourceDate "2007.01.09"]

1. e4 e5 2. Nf3 Nc6 3. Bb5 a6 4. Ba4 Nf6 5. O-O Be7 6. Re1 b5 7. Bb3 O-O 8. c3
d6 9. h3 Na5 10. Bc2 c5 11. d4 Qc7 12. Nbd2 cxd4 13. cxd4 Bb7 14. d5 Rac8 15.
Bd3 Nd7 16. Nf1 f5 17. Ng3 f4 18. Nf5 Bd8 19. Bd2 Nc4 20. Rc1 Qb8 21. Bxc4 bxc4
22. Qa4 Nb6 23. Qa3 Rxf5 24. exf5 Bxd5 25. Bb4 Rc6 26. Rcd1 Bc7 27. Qxa6 Nd7
28. Qa4 Bxf3 29. gxf3 Qb7 30. b3 Nf6 31. bxc4 Rxc4 32. Re4 Qc6 33. Qxc6 Rxc6
34. Ree1 Ne8 35. Rc1 Ra6 36. Re2 Kf7 37. Rec2 Ra7 38. Rxc7+ Nxc7 39. Bxd6 Ne8
40. Bxe5 Rxa2 41. Rc5 Ra4 42. Kg2 Nf6 43. h4 Ne8 44. h5 h6 45. Rb5 Nf6 46. Rb7+
Kg8 47. Bxf6 gxf6 48. Rb8+ Kg7 49. Rb5 Rc4 50. Rd5 Kf8 51. Rd8+ 1/2-1/2

[Event "16PCR_F"]
[Site "?"]
[Date "2006.??.??"]
[Round "?"]
[White "Glaser, Karel"]
[Black "Stika, Vaclav"]
[Result "1/2-1/2"]
[WhiteElo "2159"]
[BlackElo "2142"]
[PlyCount "116"]
[EventDate "2006.??.??"]
[EventType "corr"]
[SourceDate "2007.01.09"]

1. e4 e5 2. Nf3 Nc6 3. Bb5 a6 4. Ba4 Nf6 5. O-O Be7 6. Re1 b5 7. Bb3 O-O 8. c3
d6 9. h3 Na5 10. Bc2 c5 11. d4 Qc7 12. Nbd2 cxd4 13. cxd4 Nc6 14. Nb3 a5 15.
Be3 a4 16. Nbd2 Bd7 17. Rc1 Rac8 18. Bd3 Qb8 19. Qe2 Rfd8 20. a3 exd4 21. Nxd4
d5 22. exd5 Nxd5 23. Qh5 Nf6 24. Qxb5 Ne5 25. Rxc8 Rxc8 26. Qxb8 Rxb8 27. Bg5
Bd6 28. Bf5 Rxb2 29. Bxf6 gxf6 30. Ne4 Be7 31. Bxd7 Nxd7 32. Re3 Kf8 33. h4 Rb8
34. Rc3 Nb6 35. Nf5 Rc8 36. Rd3 Rd8 37. Rf3 Rd1+ 38. Kh2 Re1 39. Nxe7 Rxe4 40.
Nf5 Re2 41. Rd3 Ke8 42. f3 Ra2 43. Nh6 Ra1 44. Kg3 Ke7 45. Ng8+ Ke6 46. Re3+
Kd6 47. Nxf6 Nc4 48. Re4 Kc5 49. Nxh7 Rxa3 50. Re1 Re3 51. Ra1 Kb4 52. Ng5 f6
53. Ne4 f5 54. Nf6 Re6 55. Nd5+ Kb3 56. Rb1+ Nb2 57. Kf4 Re2 58. Kxf5 Rxg2
1/2-1/2

[Event "16PCR_F"]
[Site "?"]
[Date "2006.??.??"]
[Round "?"]
[White "Houdek, Vladimir"]
[Black "Portych, Vaclav"]
[Result "1/2-1/2"]
[WhiteElo "2147"]
[BlackElo "2112"]
[PlyCount "43"]
[EventDate "2006.??.??"]
[EventType "corr"]
[SourceDate "2007.01.09"]

1. e4 c5 2. Nf3 Nc6 3. Bb5 g6 4. O-O Bg7 5. c3 Nf6 6. Re1 O-O 7. d4 cxd4 8.
cxd4 d5 9. e5 Ne4 10. Nc3 Nxc3 11. bxc3 Bg4 12. h3 Bxf3 13. Qxf3 Qa5 14. Bxc6
bxc6 15. a4 Rab8 16. Ba3 Rfe8 17. Bb4 Qc7 18. Rab1 Bf8 19. e6 fxe6 20. Rbd1 a5
21. Bc5 Qc8 22. Qd3 1/2-1/2

[Event "16PCR_F"]
[Site "?"]
[Date "2006.??.??"]
[Round "?"]
[White "Trs, Jan"]
[Black "Struzka, Vlastimil"]
[Result "1-0"]
[WhiteElo "2252"]
[BlackElo "2094"]
[PlyCount "33"]
[EventDate "2006.??.??"]
[EventType "corr"]
[SourceDate "2007.01.09"]

1. d4 d5 2. c4 e6 3. Nf3 Nf6 4. g3 dxc4 5. Bg2 Bd7 6. Ne5 Bc6 7. Nxc6 Nxc6 8.
e3 Qd7 9. O-O h5 10. Nd2 Na5 11. Ne4 Nxe4 12. Bxe4 Bb4 13. b3 c5 14. bxc4 Nxc4
15. Rb1 Nd6 16. Bg2 Ne4 17. Bxe4 1-0

[Event "16PCR_F"]
[Site "?"]
[Date "2006.??.??"]
[Round "?"]
[White "Struzka, Vlastimil"]
[Black "Brichacek, Milan"]
[Result "1/2-1/2"]
[WhiteElo "2094"]
[BlackElo "2194"]
[PlyCount "104"]
[EventDate "2006.??.??"]
[EventType "corr"]
[SourceDate "2007.01.09"]

1. d4 Nf6 2. Nf3 e6 3. Bg5 c5 4. e4 cxd4 5. e5 h6 6. Bc1 Nd5 7. Nxd4 d6 8. Bb5+
Bd7 9. exd6 Bxd6 10. c4 Nb6 11. O-O Qc7 12. Qh5 O-O 13. Be3 e5 14. Nf5 Bxf5 15.
Qxf5 a6 16. c5 Bxc5 17. Bd3 g6 18. Qh3 Bxe3 19. Qxe3 Kg7 20. Nc3 Nc6 21. Rac1
Rfd8 22. Qg3 Nd5 23. Nxd5 Rxd5 24. Be4 Rd2 25. Bxc6 bxc6 26. f4 Re8 27. fxe5
Rxb2 28. Qf3 Re6 29. Rc4 Rxa2 30. Rf4 Re7 31. Rf6 Ra5 32. e6 Rf5 33. Rxf5 gxf5
34. exf7 Rxf7 35. Rc1 Qb6+ 36. Kh1 Rf6 37. Qa3 Qb7 38. Qa1 Kg6 39. Rb1 Qc8 40.
Qa3 f4 41. Qa2 c5 42. Qc4 Qf5 43. Qg8+ Kh5 44. Qe8+ Kh4 45. Re1 c4 46. h3 Qd3
47. Qe5 Rf5 48. Qe6 Qd5 49. Qxh6+ Kg3 50. Qg7+ Rg5 51. Qc3+ Qd3 52. Qf6 Rf5
1/2-1/2